00557nam a22001692 4500001001100000005001700011008004100028040001500069100003400084245008600118250001300204260003500217300001600252651004000268651007600308852000300384000001205220151217155849.0090127s xx 000 0 eng d aKABUcKABU1 aWolff, Richard D.@000016823410aBritain and Kenya, 1870-1930 :bthe economics of colonialism /cRichard D. Wolff. a1st ed. aNairobi :bTransafrica,c1974. axv, 203 p. 0aKenyaxEconomic policy.@0000150198 0aGreat BritainxColoniesxEconomic conditionsxCase studies.@00001682351